[Event "zonal 1.9 (w)"]
[Site "Alushta UKR"]
[Date "1999.??.??"]
[Round "?"]
[White "Melamed, Tatiana"]
[Black "Baklanova, Tatiana"]
[Result "1/2-1/2"]
[WhiteElo "2328"]
[BlackElo "2259"]
[EventDate "1999.04.27"]
[PlyCount "115"]

1.e4 e6 2.d4 d5 3.Nd2 c5 4.exd5 Qxd5 5.Ngf3 cxd4 6.Bc4 Qd6 7.O-O Nf6 8.Nb3
Nc6 9.Nbxd4 Nxd4 10.Nxd4 a6 11.c3 Qc7 12.Bd3 Bd6 13.h3 Bd7 14.Bg5 Nd5 15.
Re1 Bf4 16.Qh5 Bxg5 17.Qxg5 O-O 18.Nf3 h6 19.Qh4 Rfd8 20.Ne5 Be8 21.Rad1 
Nf6 22.c4 a5 23.b3 Rd6 24.Re3 Qc5 25.Rde1 Rd4 26.f4 Nd7 27.Qf2 Qd6 28.Bb1 
Nf6 29.Qf3 Rb8 30.Rd3 Rxd3 31.Qxd3 Qxd3 32.Bxd3 Rd8 33.Rd1 Kf8 34.Kf2 Ne4+
35.Ke3 Nc5 36.Be2 Rc8 37.g4 Ke7 38.Nf3 Bc6 39.Nd4 Bg2 40.h4 Rd8 41.a3 Ra8 
42.b4 axb4 43.axb4 Nd7 44.Rg1 Ra3+ 45.Bd3 Bc6 46.Nxc6+ bxc6 47.g5 e5 48.f5
hxg5 49.hxg5 Rb3 50.Rb1 Rxb1 51.Bxb1 c5 52.b5 f6 53.Ke4 Nb6 54.gxf6+ gxf6 
55.Bd3 Kd6 56.Kf3 Ke7 57.Ke4 Kf7 58.Be2 1/2-1/2

[Event "zonal 1.9 (w)"]
[Site "Alushta UKR"]
[Date "1999.??.??"]
[Round "?"]
[White "Melamed, Tatiana"]
[Black "Matiushina, Zoya"]
[Result "1-0"]
[WhiteElo "2328"]
[BlackElo "2214"]
[EventDate "1999.04.27"]
[PlyCount "74"]

1.e4 c5 2.Nf3 Nc6 3.Bb5 g6 4.Bxc6 dxc6 5.h3 Bg7 6.d3 Nf6 7.Nc3 Nd7 8.Be3 
e5 9.Qd2 Qe7 10.Bh6 f6 11.Bxg7 Qxg7 12.O-O Nf8 13.a3 Ne6 14.b4 Nd4 15.Ne1 
cxb4 16.axb4 g5 17.Ne2 Nxe2+ 18.Qxe2 h5 19.Qe3 a6 20.d4 exd4 21.Qxd4 Be6 
22.Nd3 Rd8 23.Qc3 Qf7 24.Ra5 Kf8 25.Rxg5 fxg5 26.Qxh8+ Ke7 27.Qc3 Qf6 28.
Qc5+ Kd7 29.Qb6 Kc8 30.Nc5 Qf7 31.b5 Bc4 32.bxa6 bxa6 33.Rb1 Qc7 34.Qb4 
Bb5 35.Ne6 Qf7 36.Nxd8 Kxd8 37.Qc5 Kc8 1-0

[Event "zonal 1.9 (w)"]
[Site "Alushta UKR"]
[Date "1999.??.??"]
[Round "?"]
[White "Melamed, Tatiana"]
[Black "Kiseleva, Natalia"]
[Result "1/2-1/2"]
[WhiteElo "2328"]
[BlackElo "2316"]
[EventDate "1999.04.27"]
[PlyCount "37"]

1.e4 c5 2.Nf3 e6 3.c3 d5 4.exd5 exd5 5.Bb5+ Bd7 6.Bxd7+ Nxd7 7.d4 Ngf6 8.
O-O Be7 9.dxc5 Nxc5 10.Nbd2 O-O 11.Nb3 Nce4 12.Nbd4 Re8 13.Bf4 Bd6 14.Bg3 
a6 15.Qb3 b5 16.Rad1 Bxg3 17.hxg3 Qb6 18.Rfe1 Rab8 19.Re2 1/2-1/2

[Event "zonal 1.9 (w)"]
[Site "Alushta UKR"]
[Date "1999.??.??"]
[Round "?"]
[White "Sedina, Elena"]
[Black "Dubinka, Inna"]
[Result "1/2-1/2"]
[WhiteElo "2374"]
[BlackElo "2340"]
[EventDate "1999.04.27"]
[PlyCount "90"]

1.e4 e6 2.d4 d5 3.e5 c5 4.c3 Nc6 5.Nf3 Qb6 6.a3 Bd7 7.b4 cxd4 8.cxd4 Rc8 
9.Be3 Nh6 10.Bd3 Nf5 11.O-O Be7 12.Ra2 O-O 13.g4 Nxe3 14.fxe3 Nb8 15.h4 
Bb5 16.Bxb5 Qxb5 17.Rc2 a5 18.Nc3 Qd7 19.bxa5 Bxa3 20.Na4 Rxc2 21.Qxc2 Bb4
22.Ng5 g6 23.Nb6 Qc6 24.Qxc6 Nxc6 25.Nd7 h6 26.Nxf8 hxg5 27.Nd7 gxh4 28.
Nf6+ Kg7 29.g5 Bxa5 30.Ne8+ Kf8 31.Nd6 Nd8 32.Rf4 Ke7 33.Rxh4 Bb4 34.Rh8 
Kd7 35.Kf2 b6 36.Ke2 Bxd6 37.exd6 Nb7 38.Kf3 Nxd6 39.Kf4 b5 40.Ke5 Ne4 41.
Rb8 Kc6 42.Rc8+ Kd7 43.Rb8 Kc6 44.Rc8+ Kd7 45.Rb8 Kc6 1/2-1/2

[Event "zonal 1.9 (w)"]
[Site "Alushta UKR"]
[Date "1999.??.??"]
[Round "?"]
[White "Sedina, Elena"]
[Black "Kalinina, Vladislava"]
[Result "1-0"]
[WhiteElo "2374"]
[BlackElo "2199"]
[EventDate "1999.04.27"]
[PlyCount "107"]

1.e4 e5 2.Nf3 d6 3.d4 Nf6 4.Nc3 Nbd7 5.Bc4 Be7 6.O-O O-O 7.Re1 c6 8.a4 b6 
9.Qe2 a6 10.dxe5 dxe5 11.Bg5 Qc7 12.Nh4 g6 13.Bh6 Re8 14.Bxf7+ Kh8 15.Bxe8
Nxe8 16.Nf3 Nd6 17.Rad1 a5 18.Ng5 Nf6 19.Nf3 Ng4 20.Bg5 Ba6 21.Qd2 Nc4 22.
Qc1 Bc5 23.Bh4 g5 24.Nxg5 Qe7 25.Nf3 Qxh4 26.Nxh4 Nxf2 27.Ng6+ Kg8 28.Ne7+
Kh8 29.h3 Nd3+ 30.Kh2 Nxc1 31.Nf5 Nxb2 32.Rxc1 Nc4 33.Red1 Bb4 34.Na2 Bd2 
35.Rb1 b5 36.Nd6 Nxd6 37.Rxd2 Nxe4 38.Re2 Nd6 39.Rxe5 Nc4 40.Re6 Rc8 41.
axb5 Bxb5 42.Nc3 Na3 43.Ra1 Nxc2 44.Rxa5 Nd4 45.Re7 Bd3 46.Ne4 Nb5 47.Nc5 
Bc4 48.Ra4 Bg8 49.Ne4 Rf8 50.Ng5 h6 51.Nf3 Bd5 52.Ne5 Rg8 53.Rg4 Rxg4 54.
Nxg4 1-0

[Event "zonal 1.9 (w)"]
[Site "Alushta UKR"]
[Date "1999.??.??"]
[Round "?"]
[White "Sedina, Elena"]
[Black "Karlovich, Anastasia"]
[Result "1-0"]
[WhiteElo "2374"]
[BlackElo "2246"]
[EventDate "1999.04.27"]
[PlyCount "85"]

1.e4 e5 2.Nf3 Nc6 3.Nc3 Nf6 4.d4 exd4 5.Nxd4 Bb4 6.Nxc6 bxc6 7.Bd3 d5 8.
exd5 cxd5 9.O-O O-O 10.Bg5 c6 11.Ne2 Bg4 12.c3 Be7 13.Qc2 h6 14.Bh4 Nh5 
15.Bxe7 Qxe7 16.Nd4 Qf6 17.Bh7+ Kh8 18.Bf5 Bxf5 19.Qxf5 Qxf5 20.Nxf5 Nf4 
21.g3 Nd3 22.b3 Rae8 23.Rad1 Nc5 24.Rfe1 Ne4 25.Re3 a6 26.Rde1 Kh7 27.f3 
Nf6 28.Rxe8 Rxe8 29.Rxe8 Nxe8 30.Ne7 Nc7 31.Nxc6 Nb5 32.a4 Nc7 33.Kf2 Kg6 
34.Ke3 Kf5 35.Kd4 h5 36.Kc5 Ke6 37.Kb6 Kd6 38.Nb4 Ne6 39.Nxa6 d4 40.cxd4 
Nxd4 41.Nc5 Nxf3 42.a5 Nd4 43.a6 1-0

[Event "zonal 1.9 (w)"]
[Site "Alushta UKR"]
[Date "1999.??.??"]
[Round "?"]
[White "Sedina, Elena"]
[Black "Vasylevych, Tatiana"]
[Result "1/2-1/2"]
[WhiteElo "2374"]
[BlackElo "2395"]
[EventDate "1999.04.27"]
[PlyCount "86"]

1.e4 c5 2.Nf3 d6 3.c3 Nf6 4.Be2 Nbd7 5.Qc2 b6 6.d4 e6 7.e5 dxe5 8.dxe5 Nd5
9.Qe4 Rb8 10.Na3 a6 11.Qg4 Qc7 12.Nc4 b5 13.Nd6+ Bxd6 14.exd6 Qxd6 15.Qxg7
Qf8 16.Qxf8+ Kxf8 17.a4 b4 18.c4 N5f6 19.Bf4 Ra8 20.Ne5 Bb7 21.O-O-O Ke7 
22.Rhg1 Nxe5 23.Bxe5 Rhd8 24.g4 Ne4 25.f3 f6 26.Bc7 Rxd1+ 27.Rxd1 Rc8 28.
Bf4 e5 29.Be3 Ng5 30.f4 Nf3 31.fxe5 fxe5 32.h4 Nd4 33.Bd3 Bf3 34.Re1 Kd6 
35.g5 e4 36.Bxe4 Bxe4 37.Bf4+ Ke6 38.Rxe4+ Kf5 39.Re7 Kxf4 40.Rxh7 Rc6 41.
Rh6 Kf5 42.Rh8 Rd6 43.Kd2 Kf4 1/2-1/2

[Event "zonal 1.9 (w)"]
[Site "Alushta UKR"]
[Date "1999.??.??"]
[Round "?"]
[White "Semenova, Lidia"]
[Black "Alexandrova, Olga"]
[Result "0-1"]
[WhiteElo "2280"]
[BlackElo "2265"]
[EventDate "1999.04.27"]
[PlyCount "130"]

1.d4 Nf6 2.Nf3 e6 3.e3 c5 4.Bd3 b6 5.O-O Bb7 6.Nbd2 Be7 7.b3 O-O 8.Bb2 
cxd4 9.exd4 d6 10.c4 Nbd7 11.Re1 Re8 12.a3 Qc7 13.Qc2 Bf8 14.Rad1 Rac8 15.
Qb1 g6 16.Bf1 Bg7 17.g3 Qb8 18.Bg2 Qa8 19.Nh4 Bxg2 20.Nxg2 d5 21.h3 a5 22.
cxd5 Nxd5 23.Nc4 Red8 24.a4 N7f6 25.Qd3 Nb4 26.Qe2 Nfd5 27.Nh4 Qb8 28.Nf3 
b5 29.axb5 Qxb5 30.Ng5 Rc7 31.Ra1 Ra8 32.Ne4 Nc6 33.Qd1 Rb8 34.Ned2 Rd7 
35.Ne4 Rdd8 36.Nc5 e5 37.Na3 Qb6 38.Na4 Qxb3 39.dxe5 Qxd1 40.Raxd1 Ndb4 
41.Rxd8+ Rxd8 42.Nc4 Nd3 43.Re3 Nxb2 44.Naxb2 Bf8 45.Kg2 Bb4 46.Nd3 Rd4 
47.Nxb4 axb4 48.Nb2 Kf8 49.Nd3 Ke7 50.f4 b3 51.Kf3 Na5 52.Nb2 Rd2 53.Re2 
Rxb2 54.Rxb2 Nc4 55.Re2 b2 56.Re1 b1=Q 57.Rxb1 Nd2+ 58.Kg4 Nxb1 59.Kg5 Nd2
60.Kh6 Ne4 61.g4 Nf2 62.Kxh7 Nxh3 63.f5 g5 64.Kg7 Nf2 65.Kh6 Nxg4+ 0-1

[Event "zonal 1.9 (w)"]
[Site "Alushta UKR"]
[Date "1999.??.??"]
[Round "?"]
[White "Semenova, Lidia"]
[Black "Kalinina, Larisa"]
[Result "1-0"]
[WhiteElo "2280"]
[BlackElo "2235"]
[EventDate "1999.04.27"]
[PlyCount "41"]

1.d4 Nf6 2.Nf3 c5 3.dxc5 Qa5+ 4.Nc3 Qxc5 5.e4 d6 6.Bd3 g6 7.Be3 Qa5 8.Qd2 
h6 9.Nb5 Qd8 10.e5 Nd5 11.exd6 a6 12.dxe7 Qxe7 13.Nc3 Nxe3 14.fxe3 Bg7 15.
O-O O-O 16.Kh1 Nc6 17.Nd5 Qc5 18.e4 Bg4 19.Rae1 Ne7 20.Qf2 Qd6 21.Qg3 1-0

[Event "zonal 1.9 (w)"]
[Site "Alushta UKR"]
[Date "1999.??.??"]
[Round "?"]
[White "Shliahtich, Galina"]
[Black "Alexandrova, Olga"]
[Result "0-1"]
[WhiteElo "2277"]
[BlackElo "2265"]
[EventDate "1999.04.27"]
[PlyCount "86"]

1.e4 c5 2.Nf3 d6 3.d4 cxd4 4.Nxd4 Nf6 5.Nc3 e6 6.Bc4 Be7 7.Be3 O-O 8.Qe2 
d5 9.exd5 exd5 10.Bd3 Bb4 11.O-O Re8 12.Qf3 Nc6 13.Nxc6 bxc6 14.Bd4 Be7 
15.Rae1 Be6 16.Ne2 c5 17.Be5 Qd7 18.Nf4 Bg4 19.Qg3 g6 20.c4 d4 21.h3 Bf5 
22.Bxf5 Qxf5 23.Bxf6 Bxf6 24.Nd3 Rad8 25.Qf3 Qxf3 26.gxf3 Be7 27.Kg2 Bd6 
28.f4 f5 29.Kf3 Kf7 30.Rb1 a5 31.h4 h6 32.b3 Rb8 33.a3 Re6 34.Rfc1 Be7 35.
h5 g5 36.b4 axb4 37.axb4 cxb4 38.c5 b3 39.Rc4 Bf6 40.Nb4 d3 41.Rxb3 d2 42.
Rd3 Re4 43.Nc6 Rb3 0-1

[Event "zonal 1.9 (w)"]
[Site "Alushta UKR"]
[Date "1999.??.??"]
[Round "?"]
[White "Shliahtich, Galina"]
[Black "Gaponenko, Inna"]
[Result "1-0"]
[WhiteElo "2277"]
[BlackElo "2406"]
[EventDate "1999.04.27"]
[PlyCount "163"]

1.e4 c5 2.Nf3 d6 3.Be2 Nf6 4.d3 g6 5.Bg5 Bg7 6.Qc1 h6 7.Bd2 Nc6 8.O-O d5 
9.exd5 Nxd5 10.Nc3 Be6 11.Na4 b6 12.a3 Nd4 13.Bd1 Rc8 14.Rb1 Qd7 15.Nc3 g5
16.Ne1 c4 17.Ne2 Nxe2+ 18.Bxe2 c3 19.Be3 O-O 20.b3 f5 21.Qd1 f4 22.Bc1 g4 
23.d4 Rf7 24.Ba6 Rd8 25.Bc4 b5 26.Be2 Nc7 27.Nd3 f3 28.gxf3 gxf3 29.Bxf3 
Bh3 30.Re1 Qf5 31.Be4 Qf6 32.Re3 Rxd4 33.Qe2 Bd7 34.Rg3 Qd6 35.Rg6 Rf6 36.
Rxf6 Qxf6 37.Bf4 Ne6 38.Bg3 Ng5 39.Bg2 Bg4 40.Qe3 Qe6 41.Qxe6+ Bxe6 42.Bb8
a6 43.Ba7 Rd7 44.Be3 Bf5 45.Ne1 Bd4 46.Rd1 e5 47.Kf1 Ne6 48.Bxh6 Rh7 49.
Be3 Rxh2 50.Nd3 Kg7 51.b4 Kf6 52.Ne1 Rh7 53.a4 Rh4 54.axb5 axb5 55.Nd3 Rh7
56.Bc6 e4 57.Ne1 Bh3+ 58.Kg1 Bxe3 59.fxe3 Rg7+ 60.Kf2 Bg4 61.Rd6 Bf5 62.
Ng2 Rh7 63.Bxb5 Ke5 64.Rc6 Rc7 65.Rb6 Bh3 66.Kg3 Bf5 67.Be2 Rg7+ 68.Kf2 
Bh3 69.Rb5+ Kd6 70.Nf4 Nxf4 71.exf4 Be6 72.Rg5 Rb7 73.b5 Ra7 74.b6 Rb7 75.
Rg6 Kd5 76.Ke3 Bd7 77.Ba6 Rb8 78.b7 Bc6 79.Rg7 Kc5 80.Rc7 Kb6 81.Rc8 Kxa6 
82.Rxb8 1-0

[Event "zonal 1.9 (w)"]
[Site "Alushta UKR"]
[Date "1999.??.??"]
[Round "?"]
[White "Shliahtich, Galina"]
[Black "Karlovich, Anastasia"]
[Result "1/2-1/2"]
[WhiteElo "2277"]
[BlackElo "2246"]
[EventDate "1999.04.27"]
[PlyCount "114"]

1.e4 e5 2.Nf3 Nc6 3.Bc4 Bc5 4.c3 Nf6 5.d3 a6 6.Bb3 Ba7 7.Bg5 d6 8.Nbd2 h6 
9.Be3 Bxe3 10.fxe3 Qe7 11.O-O Be6 12.Qe1 Bxb3 13.axb3 Qe6 14.Nh4 Ne7 15.
Qg3 Qg4 16.Qf2 Qe6 17.d4 O-O 18.Rae1 Qg4 19.h3 Qe6 20.Kh2 c6 21.Qg3 Nh5 
22.Qf3 Nf6 23.Nf5 Nxf5 24.exf5 Qe7 25.Nc4 e4 26.Qg3 Rfd8 27.Qh4 Kf8 28.Rf4
b5 29.Nd2 Re8 30.Kg1 Ra7 31.Qf2 d5 32.b4 a5 33.bxa5 Rxa5 34.Nb3 Ra2 35.Nc5
Rea8 36.Kh2 Qd6 37.g4 R8a7 38.Kg2 Qb8 39.Re2 b4 40.cxb4 Qxb4 41.b3 Rxe2 
42.Qxe2 Ra1 43.Rf1 Rxf1 44.Kxf1 Qc3 45.Qe1 Qxe1+ 46.Kxe1 Ke7 47.Kf2 g5 48.
fxg6 fxg6 49.Kg3 g5 50.Kf2 Nd7 51.Nb7 Nf8 52.Nc5 Ng6 53.Na4 Nh4 54.Nc3 Nf3
55.b4 Kd6 56.Ne2 Kc7 57.Nc3 Kd6 1/2-1/2

[Event "zonal 1.9 (w)"]
[Site "Alushta UKR"]
[Date "1999.??.??"]
[Round "?"]
[White "Shliahtich, Galina"]
[Black "Matiushina, Zoya"]
[Result "1-0"]
[WhiteElo "2277"]
[BlackElo "2214"]
[EventDate "1999.04.27"]
[PlyCount "65"]

1.e4 c5 2.Nf3 Nc6 3.d4 cxd4 4.Nxd4 Nf6 5.Nc3 e5 6.Ndb5 d6 7.Nd5 Nxd5 8.
exd5 Ne7 9.c4 f5 10.Qa4 Kf7 11.Bd2 Ng8 12.Be2 Nf6 13.O-O a6 14.Nc3 Be7 15.
Qb3 b6 16.Be3 Nd7 17.f4 e4 18.g4 Nc5 19.Qc2 fxg4 20.b4 Nd3 21.Nxe4 Nxb4 
22.Qb3 a5 23.a3 Na6 24.Bxb6 a4 25.Ng5+ Kf8 26.Nxh7+ Rxh7 27.Qb1 Rb8 28.
Bxd8 Rxb1 29.Bxe7+ Kxe7 30.Raxb1 Nc5 31.f5 g3 32.hxg3 Ne4 33.Bd3 1-0

[Event "zonal 1.9 (w)"]
[Site "Alushta UKR"]
[Date "1999.??.??"]
[Round "?"]
[White "Shliahtich, Galina"]
[Black "Zatonskikh, Anna"]
[Result "1/2-1/2"]
[WhiteElo "2277"]
[BlackElo "2326"]
[EventDate "1999.04.27"]
[PlyCount "91"]

1.e4 e6 2.d4 d5 3.Nc3 Nf6 4.Bg5 dxe4 5.Nxe4 Be7 6.Bxf6 gxf6 7.Nf3 b6 8.Bd3
Bb7 9.Qe2 Nd7 10.O-O-O c6 11.Rhe1 Qc7 12.Kb1 O-O-O 13.Ba6 Bxa6 14.Qxa6+ 
Kb8 15.Rd3 Rhg8 16.g3 h5 17.Rb3 f5 18.Ned2 Bf6 19.a4 Ka8 20.Qc4 Qd6 21.Rd3
Qd5 22.Ne5 Bxe5 23.dxe5 Qxc4 24.Nxc4 Nc5 25.Rxd8+ Rxd8 26.Nd6 Rd7 27.b3 
Nb7 28.Ne8 Rd2 29.Rf1 Re2 30.Nf6 Rxe5 31.Nxh5 Rd5 32.Nf4 Rd8 33.Re1 Kb8 
34.Nd3 Kc7 35.Kc1 Nd6 36.Kd2 Ne4+ 37.Ke3 Rh8 38.Rh1 f6 39.Nf4 Kd7 40.h4 e5
41.Nd3 Ke6 42.a5 Nc3 43.axb6 axb6 44.Kd2 Ne4+ 45.Ke3 Nc3 46.Kd2 1/2-1/2

[Event "zonal 1.9 (w)"]
[Site "Alushta UKR"]
[Date "1999.??.??"]
[Round "?"]
[White "Kiseleva, Natalia"]
[Black "Alexandrova, Olga"]
[Result "0-1"]
[WhiteElo "2316"]
[BlackElo "2265"]
[EventDate "1999.04.27"]
[PlyCount "108"]

1.d4 Nf6 2.c4 e6 3.Nf3 c5 4.d5 exd5 5.cxd5 d6 6.Nc3 g6 7.e4 Bg7 8.Bb5+ Bd7
9.Bxd7+ Nbxd7 10.O-O O-O 11.Bf4 Re8 12.Re1 Qb6 13.Rb1 Ng4 14.Nd2 Nge5 15.
Qe2 a6 16.Be3 Nf6 17.h3 Qc7 18.f4 Ned7 19.a4 Rab8 20.Qd3 Rbc8 21.Nc4 Rb8 
22.a5 b5 23.axb6 Nxb6 24.b4 Nfd7 25.Nxb6 Rxb6 26.bxc5 Nxc5 27.Qc4 Rc8 28.
Rxb6 Qxb6 29.Na4 Qb3 30.Qxb3 Nxb3 31.Rb1 Nd4 32.Rb6 f5 33.Rxd6 fxe4 34.
Rxa6 Nf5 35.Bb6 Rc1+ 36.Kf2 Rc2+ 37.Ke1 Bf6 38.g4 e3 39.gxf5 Bh4+ 40.Kd1 
e2+ 41.Kxc2 e1=Q 42.Ra8+ Kg7 43.Bd4+ Bf6 44.Bxf6+ Kxf6 45.Nc3 Qf2+ 46.Kd3 
gxf5 47.Rf8+ Kg6 48.d6 Qf3+ 49.Kd4 Qxf4+ 50.Kc5 Qe3+ 51.Kc4 Qe6+ 52.Kc5 
Kg7 53.Ra8 Qe3+ 54.Kc4 Qb6 0-1

[Event "zonal 1.9 (w)"]
[Site "Alushta UKR"]
[Date "1999.??.??"]
[Round "?"]
[White "Kiseleva, Natalia"]
[Black "Dolzhikova, Olga"]
[Result "1/2-1/2"]
[WhiteElo "2316"]
[BlackElo "2213"]
[EventDate "1999.04.27"]
[PlyCount "33"]

1.d4 Nf6 2.c4 g6 3.g3 Bg7 4.Bg2 O-O 5.Nc3 d6 6.Nf3 c6 7.O-O Qa5 8.h3 Be6 
9.Qd3 d5 10.Ne5 Nbd7 11.Nxd7 Bxd7 12.cxd5 cxd5 13.Bg5 Bc6 14.a3 Qd8 15.
Rfd1 Qd7 16.Rac1 Rac8 17.Kh2 1/2-1/2

[Event "zonal 1.9 (w)"]
[Site "Alushta UKR"]
[Date "1999.??.??"]
[Round "?"]
[White "Kiseleva, Natalia"]
[Black "Shliahtich, Galina"]
[Result "1-0"]
[WhiteElo "2316"]
[BlackElo "2277"]
[EventDate "1999.04.27"]
[PlyCount "84"]

1.d4 Nf6 2.c4 g6 3.g3 Bg7 4.Bg2 O-O 5.Nc3 d6 6.Nf3 c5 7.O-O Nc6 8.d5 Na5 
9.Nd2 a6 10.Rb1 Bf5 11.e4 Bd7 12.Qe2 Rb8 13.a3 Nh5 14.f4 b5 15.e5 b4 16.
axb4 cxb4 17.Nd1 f5 18.b3 Nb7 19.Nf2 Nc5 20.Bb2 Qc7 21.Rfe1 a5 22.Nd3 a4 
23.Bd4 a3 24.Qe3 Rfc8 25.Ra1 Bf8 26.Ra2 Ng7 27.e6 Be8 28.Nxc5 dxc5 29.Be5 
Qb6 30.h3 Nh5 31.g4 Nf6 32.Bf3 Bg7 33.Kf2 Ra8 34.Rg1 Ra7 35.Nf1 Kf8 36.Ng3
fxg4 37.hxg4 Ng8 38.Rh1 h6 39.Bxg7+ Kxg7 40.Qe5+ Kh7 41.Ne4 Nf6 42.g5 Nh5 
1-0

[Event "zonal 1.9 (w)"]
[Site "Alushta UKR"]
[Date "1999.??.??"]
[Round "?"]
[White "Kiseleva, Natalia"]
[Black "Zhukova, Natalia"]
[Result "0-1"]
[WhiteElo "2316"]
[BlackElo "2456"]
[EventDate "1999.04.27"]
[PlyCount "70"]

1.d4 d5 2.c4 c6 3.Nf3 Nf6 4.Nc3 dxc4 5.a4 Bf5 6.Nh4 Bd7 7.e3 b5 8.Nf3 e6 
9.Ne5 Bb4 10.axb5 Nd5 11.bxc6 Nxc6 12.Bd2 Nxe5 13.dxe5 Bxc3 14.bxc3 Qc7 
15.Qg4 Bb5 16.Qxg7 O-O-O 17.Qg4 Nb6 18.Qf4 Rd7 19.e4 Na4 20.Be2 Rhd8 21.
Ra2 Nc5 22.O-O Nb3 23.Be3 a5 24.Bc1 Qb7 25.Re1 a4 26.h4 Nc5 27.f3 Nb3 28.
Kh2 Qa7 29.Qe3 Qc7 30.f4 Rg8 31.Ba3 Qd8 32.g3 Rd2 33.Rxd2 Qxd2 34.Qxd2 
Nxd2 35.Bf1 Nf3+ 0-1

[Event "zonal 1.9 (w)"]
[Site "Alushta UKR"]
[Date "1999.??.??"]
[Round "?"]
[White "Vasylevych, Tatiana"]
[Black "Alexandrova, Olga"]
[Result "1/2-1/2"]
[WhiteElo "2395"]
[BlackElo "2265"]
[EventDate "1999.04.27"]
[PlyCount "56"]

1.d4 Nf6 2.c4 e6 3.Nc3 Bb4 4.g3 c5 5.Nf3 Nc6 6.Bg2 d5 7.cxd5 Nxd5 8.Bd2 
cxd4 9.Nxd4 Nxd4 10.Nxd5 Bxd2+ 11.Qxd2 Nc6 12.Qe3 O-O 13.Nc3 Bd7 14.O-O 
Qe7 15.Rfd1 Rfd8 16.Rac1 Be8 17.a3 b6 18.Nb5 Rxd1+ 19.Rxd1 Rd8 20.Rc1 Na5 
21.Nc7 Rc8 22.Nxe8 Qxe8 23.Rc3 Rxc3 24.Qxc3 Qd7 25.b4 Nb7 26.Qf3 Qd1+ 27.
Bf1 Qd7 28.Bg2 Qd1+ 1/2-1/2

[Event "zonal 1.9 (w)"]
[Site "Alushta UKR"]
[Date "1999.??.??"]
[Round "?"]
[White "Vasylevych, Tatiana"]
[Black "Gaponenko, Inna"]
[Result "1-0"]
[WhiteElo "2395"]
[BlackElo "2406"]
[EventDate "1999.04.27"]
[PlyCount "80"]

1.d4 Nf6 2.c4 g6 3.Nc3 Bg7 4.e4 d6 5.f3 O-O 6.Bg5 c5 7.d5 a6 8.Qd2 e6 9.a4
exd5 10.cxd5 h6 11.Be3 Re8 12.Nge2 Nbd7 13.Nc1 Ne5 14.Be2 Nh7 15.O-O h5 
16.Rb1 f5 17.Kh1 fxe4 18.Nxe4 Bf5 19.Na2 Ng4 20.fxg4 Bxe4 21.Rbe1 Qh4 22.
Nc3 Be5 23.Bf4 Ng5 24.Bxe5 Rxe5 25.gxh5 Rf8 26.Rxf8+ Kxf8 27.Rf1+ Rf5 28.
Rxf5+ gxf5 29.Kg1 f4 30.Bf1 Kg7 31.Nxe4 Nxe4 32.Qe2 Ng3 33.h6+ Qxh6 34.
hxg3 fxg3 35.Qg4+ Qg6 36.Be2 Qxg4 37.Bxg4 Kf6 38.Bc8 b5 39.a5 Ke5 40.Bxa6 
Kxd5 1-0

[Event "zonal 1.9 (w)"]
[Site "Alushta UKR"]
[Date "1999.??.??"]
[Round "?"]
[White "Vasylevych, Tatiana"]
[Black "Semenova, Lidia"]
[Result "1-0"]
[WhiteElo "2395"]
[BlackElo "2280"]
[EventDate "1999.04.27"]
[PlyCount "85"]

1.d4 d5 2.c4 c6 3.Nf3 Nf6 4.Nc3 a6 5.Ne5 g6 6.g3 Bg7 7.Bg2 O-O 8.O-O e6 9.
Bg5 h6 10.Be3 Nbd7 11.f4 dxc4 12.Nxc4 Nd5 13.Bf2 b5 14.Ne5 Bb7 15.Rc1 Rc8 
16.Ne4 Qe7 17.Nxd7 Qxd7 18.Nc5 Qe7 19.e4 Nb6 20.Qe2 Rfd8 21.Rfd1 Kh7 22.b3
a5 23.h4 Rb8 24.h5 Bc8 25.Qc2 gxh5 26.e5+ Kh8 27.Bxc6 Nd5 28.Qe2 h4 29.Ne4
Rg8 30.Ng5 f6 31.Nf3 hxg3 32.Bxg3 Bf8 33.Kf2 Rg4 34.exf6 Qxf6 35.Qe5 Qxe5 
36.Nxe5 Rg7 37.f5 Ba3 38.Ng6+ Rxg6 39.fxg6 Bxc1 40.Rxc1 Nb4 41.Be4 Ra8 42.
Be5+ Kg8 43.Rc7 1-0

[Event "zonal 1.9 (w)"]
[Site "Alushta UKR"]
[Date "1999.??.??"]
[Round "?"]
[White "Vasylevych, Tatiana"]
[Black "Zhukova, Natalia"]
[Result "1/2-1/2"]
[WhiteElo "2395"]
[BlackElo "2456"]
[EventDate "1999.04.27"]
[PlyCount "50"]

1.d4 d5 2.c4 c6 3.Nf3 Nf6 4.Nc3 dxc4 5.a4 Bf5 6.Ne5 Nbd7 7.Nxc4 Qc7 8.g3 
e5 9.dxe5 Nxe5 10.Bf4 Nfd7 11.Bg2 f6 12.O-O Nc5 13.Bxe5 fxe5 14.e4 Bg6 15.
f4 Rd8 16.Qg4 exf4 17.gxf4 Nd3 18.e5 Bc5+ 19.Kh1 O-O 20.Be4 Rd4 21.f5 Be8 
22.Qg3 Nf2+ 23.Rxf2 Rxc4 24.Rc2 Qd7 25.Re1 Kh8 1/2-1/2

[Event "zonal 1.9 (w)"]
[Site "Alushta UKR"]
[Date "1999.??.??"]
[Round "?"]
[White "Vasylevych, Tatiana"]
[Black "Zozulia, Anna"]
[Result "1-0"]
[WhiteElo "2395"]
[BlackElo "2327"]
[EventDate "1999.04.27"]
[PlyCount "69"]

1.d4 g6 2.c4 Bg7 3.Nc3 Nf6 4.e4 d6 5.f3 O-O 6.Bg5 c5 7.d5 e6 8.Qd2 exd5 9.
cxd5 Re8 10.Nge2 a6 11.a4 Nbd7 12.Ng3 h5 13.Be2 Nf8 14.O-O N8h7 15.Be3 Nd7
16.Rfd1 h4 17.Nh1 Ne5 18.Nf2 f5 19.Rab1 Qe7 20.f4 Nf7 21.e5 dxe5 22.d6 Qd7
23.Bxc5 b6 24.Bxb6 Bb7 25.a5 Qc6 26.Qd5 Nf6 27.Qxc6 Bxc6 28.Bc4 exf4 29.
Nd3 Ne4 30.Nb4 Bxc3 31.Nxc6 Rf8 32.d7 Nd2 33.Rxd2 Bxd2 34.d8=Q Raxd8 35.
Nxd8 1-0

[Event "zonal 1.9 (w)"]
[Site "Alushta UKR"]
[Date "1999.??.??"]
[Round "?"]
[White "Zatonskikh, Anna"]
[Black "Alexandrova, Olga"]
[Result "1-0"]
[WhiteElo "2326"]
[BlackElo "2265"]
[EventDate "1999.04.27"]
[PlyCount "173"]

1.e4 c5 2.Nf3 e6 3.d3 Nc6 4.g3 g6 5.Bg2 Bg7 6.O-O Nge7 7.c3 O-O 8.Be3 d6 
9.Na3 b6 10.d4 cxd4 11.cxd4 Ba6 12.Re1 Qd7 13.Qd2 Rfc8 14.Bh3 d5 15.e5 Nf5
16.Bg5 Bf8 17.Nc2 Na5 18.b3 Qc6 19.Bxf5 exf5 20.Ne3 Nb7 21.Bf6 h6 22.Nh4 
Nd8 23.Rac1 Qd7 24.Bxd8 Qxd8 25.Nhg2 Ba3 26.Rxc8 Rxc8 27.Nf4 Bb7 28.e6 
fxe6 29.Nxg6 Qf6 30.Nf4 Bd6 31.Neg2 Re8 32.Qe3 e5 33.Nh5 Qg6 34.Ngf4 Qf7 
35.dxe5 Rxe5 36.Qd2 Qe7 37.Rd1 Kh7 38.h4 Bb4 39.Qc2 d4 40.Kh2 Be4 41.Qc4 
Bc3 42.b4 b5 43.Qb3 Bf3 44.Rd3 Bc6 45.Rxc3 dxc3 46.Qxc3 Be8 47.Nd5 Qd6 48.
Nhf6+ Kg6 49.Qf3 Bf7 50.h5+ Kg7 51.Qc3 Qe6 52.Nd7 Qxd5 53.Nxe5 Bxh5 54.
Ng4+ Kf7 55.Qf6+ Ke8 56.Ne5 Bg4 57.Nxg4 fxg4 58.a3 h5 59.Qh8+ Ke7 60.Qg7+ 
Qf7 61.Qe5+ Kf8 62.Kg1 a6 63.Qd6+ Kg7 64.Qxa6 Qd7 65.Qa8 Kf7 66.Qe4 Kf6 
67.Kg2 Kg5 68.Qe5+ Kg6 69.Qc5 Kh6 70.Qc1+ Kg6 71.Qc2+ Kf6 72.Kf1 Qd5 73.
Qc3+ Kf5 74.Ke2 Qa2+ 75.Ke3 Qe6+ 76.Kd2 Kg6 77.Qd3+ Kg7 78.Qxb5 Qa2+ 79.
Ke1 Qxa3 80.Qg5+ Kf8 81.b5 Qc3+ 82.Kf1 Qc4+ 83.Kg1 Qe2 84.b6 Qe1+ 85.Kg2 
Qe8 86.Kh2 Qc6 87.Qd8+ 1-0

[Event "zonal 1.9 (w)"]
[Site "Alushta UKR"]
[Date "1999.??.??"]
[Round "?"]
[White "Zatonskikh, Anna"]
[Black "Kalinina, Vladislava"]
[Result "1-0"]
[WhiteElo "2326"]
[BlackElo "2199"]
[EventDate "1999.04.27"]
[PlyCount "98"]

1.e4 c5 2.Nf3 Nc6 3.d4 cxd4 4.Nxd4 Nf6 5.Nc3 e5 6.Ndb5 d6 7.Bg5 a6 8.Na3 
b5 9.Nd5 Be7 10.Nxe7 Qxe7 11.c4 Nd4 12.Nc2 bxc4 13.Nxd4 exd4 14.Bxf6 Qxe4+
15.Qe2 Qxe2+ 16.Bxe2 gxf6 17.Bxc4 Be6 18.Be2 Ke7 19.O-O Rhb8 20.b3 a5 21.
Rad1 Rb4 22.Rfe1 a4 23.Bc4 axb3 24.axb3 d5 25.Bxd5 Ra5 26.Bc4 Re5 27.f4 
Rxe1+ 28.Rxe1 Kd6 29.Re4 Bxc4 30.Rxd4+ Kc5 31.Rxc4+ Rxc4 32.bxc4 Kxc4 33.
Kf2 Kd4 34.Kg3 Ke4 35.Kg4 f5+ 36.Kg5 f6+ 37.Kh6 Kxf4 38.Kxh7 Kg5 39.Kg7 f4
40.Kf7 Kf5 41.Ke7 Ke5 42.h4 Kf5 43.h5 Kg5 44.h6 Kg6 45.h7 Kxh7 46.Kxf6 Kh6
47.Kf5 Kg7 48.Kxf4 Kf6 49.Kg4 Kg6 1-0

[Event "zonal 1.9 (w)"]
[Site "Alushta UKR"]
[Date "1999.??.??"]
[Round "?"]
[White "Zatonskikh, Anna"]
[Black "Kononenko, Tatiana"]
[Result "1/2-1/2"]
[WhiteElo "2326"]
[BlackElo "2295"]
[EventDate "1999.04.27"]
[PlyCount "40"]

1.e4 e6 2.d4 d5 3.exd5 exd5 4.Nf3 Bd6 5.Bd3 Nc6 6.h3 Nge7 7.O-O Bf5 8.Bxf5
Nxf5 9.Nc3 Nfe7 10.Ne2 Ng6 11.Bg5 f6 12.Be3 Nce7 13.Qd2 Qd7 14.Ne1 Nf5 15.
Nf4 Nxf4 16.Bxf4 O-O 17.c3 Rae8 18.Nd3 Bxf4 19.Qxf4 Nd6 20.Rfe1 b6 1/2-1/2

[Event "zonal 1.9 (w)"]
[Site "Alushta UKR"]
[Date "1999.??.??"]
[Round "?"]
[White "Zatonskikh, Anna"]
[Black "Sedina, Elena"]
[Result "1-0"]
[WhiteElo "2326"]
[BlackElo "2374"]
[EventDate "1999.04.27"]
[PlyCount "79"]

1.e4 e6 2.d4 d5 3.Nd2 c5 4.exd5 exd5 5.Ngf3 Nc6 6.Bb5 Bd6 7.dxc5 Bxc5 8.
Nb3 Bd6 9.O-O Ne7 10.Re1 O-O 11.Bg5 Bg4 12.c3 Qc7 13.h3 Bh5 14.Be2 a6 15.
Nfd4 Bg6 16.Bf3 h6 17.Nxc6 bxc6 18.Be3 a5 19.Bc5 a4 20.Bxd6 Qxd6 21.Nd4 
Rfe8 22.c4 Qb4 23.cxd5 cxd5 24.b3 axb3 25.axb3 Rxa1 26.Qxa1 Rc8 27.Re3 Qd2
28.Kh2 Rc1 29.Qa8+ Kh7 30.Ne2 Rc7 31.Qd8 d4 32.Rxe7 Rxe7 33.Qxe7 d3 34.Ng3
Qxf2 35.Qd6 Qb2 36.b4 Qb1 37.h4 f5 38.h5 Bf7 39.Nxf5 d2 40.Qd4 1-0

[Event "zonal 1.9 (w)"]
[Site "Alushta UKR"]
[Date "1999.??.??"]
[Round "?"]
[White "Zatonskikh, Anna"]
[Black "Vasylevych, Tatiana"]
[Result "1/2-1/2"]
[WhiteElo "2326"]
[BlackElo "2395"]
[EventDate "1999.04.27"]
[PlyCount "32"]

1.e4 c5 2.Nf3 e6 3.d4 cxd4 4.Nxd4 Nf6 5.Nc3 d6 6.g3 Nc6 7.Bg2 Bd7 8.O-O 
Be7 9.Nb3 O-O 10.g4 Na5 11.g5 Ne8 12.f4 Nxb3 13.axb3 Bc6 14.Be3 b6 15.Qh5 
f5 16.gxf6 Nxf6 1/2-1/2